Demänovská jaskyňa Slobody peščera

Zobrazenie: Pohľad na vnútro jaskyne, na jazierko medzi kvapľami, ktoré vidno okolo neho po stenách jaskyne aj mimo nich. Vľavo v popredí je skalný výklenok

Bibliographic Details
Format: Photo
Language:Slovak
English
French
German
Hungarian
Polish
Russian
PhysicalDescription:1 pohľadnica farebná 15 x 21 cm
Published: Bratislava ČTK-Pressfoto 1974
Subjects:

MARC

LEADER 00000nkm a2200000 a 4500
001 vtls012129710
003 SK-MaSNL
005 20260301055343.0
007 kf co
008 220404s1974 xo g kuslo
015 |a SNBG1974 
040 |a SNK  |b slo  |c SNK  |e AACR2 
041 0 |a slo  |a eng  |a fre  |a ger  |a hun  |a pol  |a rus 
043 |a e-xo--- 
044 |a xo  |c SK 
072 7 |a 908(437)  |x Vlastiveda Česka a Slovenska  |2 konspekt 
080 |a 908(437.6)  |2 2011 
080 |a (084.121)  |2 2011 
080 |a 551.442  |2 2011 
080 |a 551.1/.4  |2 2011 
245 0 0 |a Demänovská jaskyňa Slobody  |h grafika  |b peščera 
246 3 1 |a Demänovská jaskyňa Slobody  |b jaskinia 
246 3 1 |a Demänovská jaskyňa Slobody  |b die Höhle 
246 3 1 |a Demänovská jaskyňa Slobody  |b barlang 
246 3 1 |a Demänovská jaskyňa Slobody  |b la Grotte 
246 3 1 |a Demänovská jaskyňa Slobody  |b the cave 
260 |a Bratislava  |b ČTK-Pressfoto  |c 1974  |e Skalica  |f Grafobal 
300 |a 1 pohľadnica  |b farebná  |c 15 x 21 cm 
520 8 |a Zobrazenie: Pohľad na vnútro jaskyne, na jazierko medzi kvapľami, ktoré vidno okolo neho po stenách jaskyne aj mimo nich. Vľavo v popredí je skalný výklenok 
546 |a Podnázov v ruštine 
546 |a Súbežný podnázov v angličtine, francúštine, maďarčine, nemčine a polštine 
650 0 7 |a jaskyne  |2 SNKPH  |9 20772 
650 0 7 |a speleológia  |2 SNKPH  |9 17878 
650 0 7 |a geológia  |2 SNKPH  |9 167377 
655 7 |a geografické pohľadnice  |2 SNKPH  |9 70522 
655 7 |a miestne pohľadnice  |2 SNKPH  |9 70510 
958 |a GC 
958 |a GBN 
958 |a OND 
999 |c 613166  |d 615096 
952 |a SNK  |b SNK  |y PREZ  |7 0  |p 17A1411858  |o snkSP 78855  |0 0  |1 0  |4 0  |d 2022-04-04  |f 1  |l 0  |r 2026-02-23 16:29:35  |w 2026-02-23 
952 |a SNK  |b SNK  |y PREZ  |7 0  |p 17A1411859  |o snkSP 78855 D1  |0 0  |1 0  |4 0  |d 2022-04-04  |l 0  |r 2026-02-23 16:29:35  |w 2026-02-23